๐ŸŽ Desperate Housewives ๐ŸŽ Characters in their houses ๐Ÿ˜ - Statistics

General Stats
  • This quiz has been taken 1,134 times
  • The average score is 50 of 113
Answers on the Map
Answers color-coded by a green-red scale on the quiz's map according to % correct below.
 
Answer Stats
Character % Correct
Bree Van de Kamp Hodge
96%
Susan Delfino
95%
Gabrielle Solis
94%
Lynette Scavo
94%
Mike Delfino
94%
Carlos Solis
92%
Tom Scavo
90%
Juanita Solis
86%
Julie Mayer
86%
Andrew Van de Kamp
85%
Orson Hodge
85%
Porter Scavo
84%
Rex Van de Kamp
83%
Preston Scavo
82%
Danielle Van de Kamp
81%
Parker Scavo
80%
Penny Scavo
80%
Edie Britt
77%
Celia Solis
76%
Maynard James Delfino
76%
Mary-Alice Young
75%
Paul Young
75%
Karen McCluskey
72%
Karen Stouffer
72%
Karl Mayer
71%
Zach Young
67%
Katherine Mayfair
65%
Betty Applewhite
53%
Ben Faulkner
52%
Paige Scavo
52%
Kayla Scavo
51%
Bob Hunter
50%
Lee McDermott
50%
Renee Perry
50%
Dave Williams
48%
Dylan Davis
48%
Dylan Mayfair
48%
Dave Williams
47%
Martha Huber
46%
Caleb Applewhite
44%
Ida Greenberg
43%
Angie Bolen
42%
Felicia Tilman
40%
Ana Solis
39%
Edward "Eddie" Orlofsky
39%
Matthew Applewhite
39%
Beth Young
38%
Benjamin Van de Kamp
35%
Danny Bolen
35%
Roy Bender
34%
Adam Mayfair
31%
Alma Hodge
28%
Nick Bolen
28%
Patrick Scavo
28%
Keith Watson
26%
Austin McCann
21%
Gloria Hodge
21%
Travers McLain
19%
Robin Gallagher
18%
Trip Weston
18%
Xiao-Mei
18%
Alex Cominis
17%
Lillian Simms
17%
Sophie Bremmer
16%
Stella Wingfield
15%
Gilbert McCluskey & son
14%
Jenny Hunter-McDermott
14%
Mona Clarke
13%
Wayne Davis
12%
Art Shepard
11%
Ellie Leonard
11%
Mitzi Kinsky
11%
Mr. Huber
10%
Nanny Claire
8%
Rose Kemper
8%
Edwin Mullins
7%
Mr. Addams
7%
Mr. Clarke
7%
Mrs. Addams
7%
Mrs. Mullins
7%
Rebecca Shepard
7%
Roberta McCluskey
7%
Umberto Rothwell
7%
Emma Graham
5%
Jennifer
5%
Gordon Stouffer
4%
Raymond
4%
Stephanie
4%
Steve
4%
Lance
3%
Sheila Bukowski
3%
Mr. Scully
2%
Mrs. Hudson
2%
Sharon Shesin
2%
No matching quizzes found
Score Distribution
Percent of People with Each Score
Percentile by Number Answered
Your Score History
You have not taken this quiz